000 00770nam a2200217Ia 4500
003 GCL
008 140319s9999 xx 000 0 ara d
040 _aGCL /
_cGCL
082 0 4 _a347.09
_bم ا
100 1 _aمصطفى مجدى هرجة
245 1 0 _aاحكام واراء فى القضاء المستعجل : منازعات التنفيذ الوقتية فى المواد المدنية والتجارية /
_cمصطفى مجدى هرجة
260 _a[S.N] :
_bفؤاد هاشم الكتبى ،
_c1992
300 _a888 ص
490 _a
650 0 4 _aالقانون
650 0 4 _aالقانون المدنى
650 0 4 _aتنفيذ الاحكام
650 0 4 _aالقضاء المستعجل
650 0 4 _aالتنفيذ المعجل
942 _2ddc
_cBK
999 _c28039
_d28039